Jogadores com mais golos no mundo. - Statistics

Estatísticas Gerais
  • Esse quiz foi jogado 189 vezes
  • A pontuação média é 8 de 25
Estatísticas das Respostas
Ranking Resposta % Correto
Cristiano Ronaldo
98%
Messi
98%
Pelé
89%
Romário
70%
Lewandowski
56%
Puskás
54%
12º Suárez
54%
15º Ibrahimovic
53%
25º Zico
40%
13º Eusébio
36%
Gerd Muller
32%
20º Di Stefano
31%
Bican
23%
22º Roberto Dinamite
13%
23º Hugo Sanchez
4%
Jimmy Jones
4%
11º Abe Lenstra
3%
10º Joe Bambrick
3%
14º Ferguson
2%
24º Franz Binder
2%
17º Peyroteo
2%
19º McGrory
1%
21º Sarosi
1%
16 Schlosser
1%
18º Seeler
1%
Nenhum quiz correspondente encontrado
Distribuição das Pontuações
Porcentagem de Pessoas com Cada Pontuação
Percentil de Números Respondidos
Sua Pontuação Histórica
Você não jogou esse quiz